LDR 00877naa#a2200193#i#450# 001 RU\\bibl\122568 005 20260604013916.4 011 ## _a2304-9707 100 ## _a20260519b2026####ek#y0rusy0150####ca 101 0# _aRUS 102 ## _aRU 200 1# _aОценка суицидального риска у военнослужащих, подверженных острому и/или хроническому стрессовому воздействию _eЖурнальная статья 210 1# _aМосква _cООО Издательство «Логос Пресс» _d2026 215 ## _a8 с. 608 ## _aЖурнальная статья _2local 686 ## _aКлиническая медицина. 76.29 _2grnti 700 #1 _aЕфремова _gДиляра Набиулловна 700 #1 _aГригорьева _gЮлия Дмитриевна 856 4# _alogospress.editorum.ru _u